Cuarto propio, Un / [por] Virginia Woolf ; tr. por Jorge Luis Borges

-д хадгалсан:
Номзүйн дэлгэрэнгүй
Үндсэн зохиолч: Woolf, Virginia (autor)
Формат: Ном
Хэвлэл:4a edición
Цуврал:Col. "Colofon" (3)
Нөхцлүүд:
Шошгууд: Шошго нэмэх
Шошго байхгүй, Энэхүү баримтыг шошголох эхний хүн болох!

MARC

LEADER 00000nam^a2200000^u^4500
001 000544317
005 20250521000000.0
008 060220s1000^^^^^^^^^^^^r^^^^^000^0^spa^d
009 20260310131324.92
035 |a FMI 000013465 
037 |a Acervo Xavier Clavigero 
096 |a 9.1.1/100/C 
100 |a Woolf, Virginia  |e (autor) 
245 1 0 |a Cuarto propio, Un / [por] Virginia Woolf ; tr. por Jorge Luis Borges 
250 |a 4a edición 
264 |a México : Colofón, 1991 
300 |a 103 p. 
336 |a texto  |b txt  |2 rdacontenido 
337 |a sin mediación  |b n  |2 rdamedio 
338 |a volumen  |b nc  |2 rdasoporte 
440 0 |a Col. "Colofon" (3) 
597 |a Trad. del inglés ("A room of one's own"). 
649 |a XX 
650 |a NOVELA 
910 |a Fondo Francisco Migoya Covarrubias S.J. 
920 |a Impresos - Libros 
930 |a Fondos Especiales 
905 |a 134 
901 |a SBC18400  |b IT2  |c ESP  |u 20250521 
902 |a https://opac.biblio.iteso.mx/vufind/Record/000544317